Statistics for Most popular baby girl names in Finland

Click here to take the quiz!

General Stats

  • This quiz has been taken 1,542 times
  • The average score is 9 of 30

Answer Stats

Name% Correct
1Emma
67%
12Anni
57%
7Ella
53%
5Sofia
53%
11Sara
51%
14Olivia
47%
6Emilia
46%
2Aino
44%
9Iida
42%
3Aada
38%
13Elli
37%
23Veera
29%
4Venla
29%
18Vilma
29%
8Helmi
28%
22Oona
28%
17Elsa
27%
19Enni
25%
29Iina
24%
10Siiri
24%
26Viivi
24%
15Amanda
22%
21Lilja
16%
25Linnea
16%
20Eevi
15%
28Isla
15%
16Pihla
14%
27Kerttu
13%
24Mila
12%
30Minea
10%

Score Distribution

Percentile by Number Answered

Percent of People with Each Score

Your Score History

You have not taken this quiz